| 000 | 01296cam a22003733a 4500 | ||
|---|---|---|---|
| 999 |
_c3895 _d3895 |
||
| 001 | 15366124 | ||
| 003 | OSt | ||
| 005 | 20241118152614.0 | ||
| 008 | 070607s2007 nyu c 000 1 eng d | ||
| 010 | _a 2006937858 | ||
| 020 | _a9781416934035 (pbk.) : | ||
| 035 | _a(OCoLC)ocn143608583 | ||
| 040 |
_aOCP _cOCP _dLEO _dBAKER _dIK6 _dUPZ _dBTCTA _dDLC _dKH8 |
||
| 042 | _alccopycat | ||
| 082 | _aFIC DIC | ||
| 100 | 1 |
_aDixon, Franklin W. _eauthor. |
|
| 245 | 1 | 0 |
_aBayport buccaneers / _cFranklin W. Dixon. |
| 250 | _a1st Aladdin Paperbacks ed. | ||
| 260 |
_aNew York : _bAladdin Paperbacks, _c2007. |
||
| 300 |
_a163 p. ; _c20 cm. |
||
| 490 | 0 |
_aHardy boys undercover brothers ; _v#16 |
|
| 520 | _aFrank and Joe investigate sabotage on the set of a pirate-themed reality television show. | ||
| 521 | 1 | _a008-012. | |
| 650 | 0 |
_aHardy Boys (Fictitious characters) _vFiction. |
|
| 650 | 0 |
_aReality television programs _vFiction. |
|
| 650 | 0 |
_aSabotage _vFiction. |
|
| 650 | 0 |
_aHardy Boys (Fictitious characters) _vJuvenile fiction. |
|
| 650 | 0 |
_aPirates _vJuvenile fiction. |
|
| 650 | 0 |
_aSabotage _vJuvenile fiction. |
|
| 655 | 7 |
_aMystery fiction. _2gsafd |
|
| 655 | 7 |
_aYoung adult fiction. _2lcsh |
|
| 710 | 2 |
_aCopyright Paperback Collection (Library of Congress) _5DLC |
|
| 942 |
_2ddc _cFIC |
||